Statistics for Every czech team in UCL, UEL or UECL

Click here to take the quiz!

General Stats

  • This quiz has been taken 11 times
  • The average score is 8 of 16

Answer Stats

HintAnswer% Correct
Group stage of Champions League (2019/20)Slavia Prague
100%
Group stage of Champions League (2005/06)Sparta Prague
100%
Group stage of Champions League (2022/23)Viktoria Plzen
100%
3 round of preliminary round in the Champions League (2004/05)Banik Ostrava
70%
4 round of preliminary round in the Europa League (2018/19)Sigma Olomouc
60%
3 round of preliminary round in the Champions League (2012/13)Slovan Liberec
60%
3 round of preliminary round in the Europa league (2022/23)FC Slovacko
40%
Group stage of Europa League (2018/19)FK Jablonec
40%
3 round of preliminary round in the Champions League (2006/07)Mlada Boleslav
40%
2 round of preliminary round in the Europa League (1997/98)Zbrojovka Brno
40%
2 round of preliminary round in the Europa Conference League (2023/24)Bohemians 1905
30%
Group stage of Europa League (2017/18)FC Zlin
30%
4 round of preliminary round in the Europa League (2009/10)FK Teplice
20%
1 round of preliminary round in the Europa League (2000/01)FK Drnovice
10%
2 round of preliminary round in the Europa League (2001/02)FK Pribram
10%
2 round of preliminary round in the Europa League (2002/03)Viktoria Zizkov
10%

Score Distribution

Percentile by Number Answered

Percent of People with Each Score

Your Score History

You have not taken this quiz